Canoe Polo - Statistics

General Stats
  • This quiz has been taken 50 times
  • The average score is 8 of 10
Answer Stats
Question Answer % Correct
How long can a player hold the ball before they must throw it or shoot it? 5 seconds
93%
Which are legal ways to play the ball? All of the above
93%
How long is a game? 2 x 10 minutes
86%
How many players are on the water for each team (including substitutes)? 8
86%
How many substitutions can a team make during a game? Unlimited
86%
How high is the bottom inside edge of the goal from the water surface? 2 meters
79%
How long is a pitch? 35 meters
79%
Which one of these is legal to do to an opponent when they have possession of the ball? Push them in the water
79%
What is the maximum length of the kayak (including integrated padding)? 300 cm
57%
Which one of these is NOT a piece of equipment used in Canoe Polo? Oar
57%
No matching quizzes found
Score Distribution
Percent of People with Each Score
Percentile by Number Answered
Your Score History
You have not taken this quiz